| 000 | 00456nam a22001457a 4500 | ||
|---|---|---|---|
| 003 | NUST | ||
| 022 | _a8181284992 | ||
| 082 | _a572.802,ISA | ||
| 100 |
_aIsaev, Alexander _98012 |
||
| 245 |
_aIntroduction to mathematical methods in bioinformatics / _cAlexander Isaev, |
||
| 260 |
_aSpring _c2004 |
||
| 300 | _axiiii, 294 | ||
| 505 | _aPart.I Sequence analysis (Page-3), Part.II Mathematical background for sequence analysis (Page-145) | ||
| 942 |
_2ddc _cBK |
||
| 999 |
_c591772 _d591772 |
||